Mondialisations et inégalités

Salvato in:
Dettagli Bibliografici
Autore principale: Philippe Tronquoy
Natura: Libro
Lingua:Undetermined
Pubblicazione: Paris La Documentation français
Soggetti:
Tags: Aggiungi Tag
Nessun Tag, puoi essere il primo ad aggiungerne! !
Thư viện lưu trữ: Trung tâm Học liệu Trường Đại học Cần Thơ
LEADER 00480nam a2200181Ia 4500
001 CTU_73030
008 210402s9999 xx 000 0 und d
082 |a 330.9 
082 |b T852 
100 |a Philippe Tronquoy 
245 0 |a Mondialisations et inégalités 
245 0 |c Philippe Tronquoy 
260 |a Paris 
260 |b La Documentation français 
260 |c 0 
650 |a globalization 
904 |i Minh 
980 |a Trung tâm Học liệu Trường Đại học Cần Thơ